<?xml version="1.0" encoding="UTF-8"?><?xml-stylesheet type="text/xsl" href="static/style.xsl"?><OAI-PMH xmlns="http://www.openarchives.org/OAI/2.0/" xmlns:xsi="http://www.w3.org/2001/XMLSchema-instance" xsi:schemaLocation="http://www.openarchives.org/OAI/2.0/ http://www.openarchives.org/OAI/2.0/OAI-PMH.xsd"><responseDate>2026-04-27T19:59:59Z</responseDate><request verb="GetRecord" identifier="oai:uvadoc.uva.es:10324/55014" metadataPrefix="marc">https://uvadoc.uva.es/oai/request</request><GetRecord><record><header><identifier>oai:uvadoc.uva.es:10324/55014</identifier><datestamp>2023-02-27T13:09:24Z</datestamp><setSpec>com_10324_38</setSpec><setSpec>col_10324_852</setSpec></header><metadata><record xmlns="http://www.loc.gov/MARC21/slim" xmlns:doc="http://www.lyncode.com/xoai" xmlns:xsi="http://www.w3.org/2001/XMLSchema-instance" xmlns:dcterms="http://purl.org/dc/terms/" xsi:schemaLocation="http://www.loc.gov/MARC21/slim http://www.loc.gov/standards/marcxml/schema/MARC21slim.xsd">
<leader>00925njm 22002777a 4500</leader>
<datafield tag="042" ind1=" " ind2=" ">
<subfield code="a">dc</subfield>
</datafield>
<datafield tag="720" ind1=" " ind2=" ">
<subfield code="a">Quintana Silvestre, Daniel</subfield>
<subfield code="e">author</subfield>
</datafield>
<datafield tag="260" ind1=" " ind2=" ">
<subfield code="c">2022</subfield>
</datafield>
<datafield tag="520" ind1=" " ind2=" ">
<subfield code="a">Las bases de esta investigación se fundamentan en la comparación de las diferentes medidas de conciliación laboral que hay entre el sector público (administración) y el sector privado.&#xd;
Por otra parte, distinguir los distintos tipos de concesiones que puede realizar la empresa respecto a conciliación de vida laboral y familiar, como lo pueden ser la flexibilidad horaria, el trabajo a turnos, permisos de maternidad, etc…&#xd;
Asimismo, hablaremos de la normativa vigente que regula dicho apartado de la materia laboral y distinguiremos entre las mismas.</subfield>
</datafield>
<datafield tag="024" ind2=" " ind1="8">
<subfield code="a">https://uvadoc.uva.es/handle/10324/55014</subfield>
</datafield>
<datafield tag="245" ind1="0" ind2="0">
<subfield code="a">La conciliación de la vida laboral y personal. Comparativa sector público y privado</subfield>
</datafield>
</record></metadata></record></GetRecord></OAI-PMH>